Setelah di tinggal ayah

Bibliographic Details
Main Author: Uzala, WS
Format: Book
Published: P.J : Eddiplex , 1995
Series:Siri menuju wawasan 2020
Subjects:

MARC

LEADER 00000cam a2200000 7i4500
001 0000006812
002 000007339
005 20000330.0
020 |a 983880164X 
090 0 0 |a JF   |b UZA 
100 1 |a Uzala, WS 
245 1 0 |a Setelah di tinggal ayah   |c Ws.Uzala 
260 |a P.J :   |b Eddiplex ,   |c 1995 
300 |a 62p. :   |b ill ;   |c 18cm. 
490 0 |a Siri menuju wawasan 2020 
650 0 0 |a Children's stories 
999 |a 038924   |b BUKU   |c PINJAMAN   |e PERPUSTAKAAN KOMUNITI PETALING JAYA